000
00268nam a2200109Ia 4500
008
190912s9999||||xx |||||||||||||| ||und||
100
_a
Kenneth J.Pakenham
245
0
_a
Making Connections
260
_a
New York
_b
St.Martins Press
_c
1994
300
_a
370
942
_c
BK
999
_c
7846
_d
7846